000
00200 a2200109 4500
020
_a
8426122450
041
_a
spa
100
_a
Cristina Lastrego
245
_a
Bienvenido
942
_c
BK
952
_7
4
999
_c
20458
_d
20458